000
00313nam a22001337a 4500
003
OSt
005
20160727222457.0
008
160705b xxu||||| |||| 00| 0 eng d
100
_9
2207
_a
Clark, E
245
_a
Flame of Anger
260
_a
Michigan
_b
Zonderan
_c
1966
300
_a
Flame of Anger
942
_2
ddc
_c
BK
999
_c
1897
_d
1897